Literature Surnames Quiz Stats

 Plays Quiz Updated Mar 8, 2012

Also try: Literature Numbers
Challenge
Share
Tweet
Embed
Score 0/28 Timer 05:00
3 Plays Today
Character First (Middle) Name Surname % Correct
EbenezerScrooge
93.7%
Holden Caulfield
76.2%
ScoutFinch
67%
Jean Valjean
61.3%
Elizabeth Bennet
60.9%
Winston Smith
44.6%
ArthurDent
41%
Edmond Dantès
32.2%
LeopoldBloom
29.6%
RobertLangdon
28.6%
Lucy Pevensie
28.4%
Jonathan Harker
26.7%
Billy Pilgrim
26.3%
NickCarraway
26.3%
Character First (Middle) Name Surname % Correct
JimHawkins
23.6%
GregorSamsa
22.2%
Capt. John Yossarian
20%
GuyMontag
18.6%
Ponyboy Curtis
15.7%
Dr. Alan Grant
13.9%
Rodion (Romanovich)Raskolnikov
12.1%
EdgarLinton
11.9%
Newland Archer
8.9%
Dagny Taggart
8.1%
JakeBarnes
5.2%
EstherGreenwood
4.4%
CharlotteCavatica
2.5%
DavidStrorm
0.7%

You're not logged in!

Compare scores with friends on all Sporcle quizzes.
Join for Free
OR
Log In

You Might Also Like...

Show Comments

Extras

Top Quizzes Today


Score Distribution

Your Account Isn't Verified!

In order to create a playlist on Sporcle, you need to verify the email address you used during registration. Go to your Sporcle Settings to finish the process.

Report this User

Report this user for behavior that violates our Community Guidelines.

Details: